Eredivisie winners until 2000 - Statistieken

Algemene statistieken
  • Deze quiz is 29 keer genomen
  • De gemiddelde score is 26 van 26
Antwoordstatistieken
jaar Club % Correct
2022 Ajax
100%
2021 Ajax
100%
2020 Ajax
100%
2015 Ajax
100%
2014 Ajax
100%
2013 Ajax
100%
2012 Ajax
100%
2005 Ajax
100%
2003 Ajax
100%
2001 Ajax
100%
2025 PSV
100%
2024 PSV
100%
2019 PSV
100%
2017 PSV
100%
2016 PSV
100%
2009 PSV
100%
2008 PSV
100%
2007 PSV
100%
2006 PSV
100%
2004 PSV
100%
2002 PSV
100%
2000 PSV
100%
2010 Az
94%
2023 Feyenoord
94%
2018 Feyenoord
94%
2011 Twente
76%
Geen overeenkomende quizzen gevonden
Scoreverdeling
Procent van Mensen met Elke Score
Percentiel versus Aantal Correcte Antwoorden
Uw Scoregeschiedenis
U heeft deze quiz nog niet genomen